Barclays Premier League Best XI 2013/14 - Statistics

General Stats
  • This quiz has been taken 395 times
    377 since last reset
  • The average score is 9 of 18
Answer Stats
Hint Answer % Correct
GK Cech
81%
ST Suarez
77%
MID Gerrard
76%
SUB Rooney
70%
CB Terry
70%
SUB De Gea
63%
MID Toure
63%
ST Sturridge
61%
MID Hazard
58%
SUB Zabaleta
45%
SUB Azpilicueta
32%
LB Shaw
30%
CB Skrtel
28%
RB Coleman
25%
SUB Ramsey
25%
SUB Henderson
24%
MID Lallana
23%
SUB Rodriguez
8%
No matching quizzes found
Score Distribution
Percent of People with Each Score
Percentile by Number Answered
Your Score History
You have not taken this quiz since the last reset